000 00608nam a2200193 4500
001 149089
003 ES-MaACL
005 20250822162349.0
007 t|
008 070214s1969 sp r ||||1| spa d
100 1 _aSwarthout, Glendon.
_9108925
245 1 3 _aEl Aguila y la Cruz de Hierro /
_cGlendon Swarthout ; [versión... de Domingo Manfredi Cano].
250 _a[1ª ed.].
260 _aBarcelona :
_bLuis de Caralt,
_c[1969] (
_fRIGSA)
300 _a297 p. ;
_c20 cm.
700 1 _aManfredi Cano, Domingo,
_d1918-1998
_975997
852 _aES-MaACL
_jC-39627
_bR.73047
999 _c149089
_d149089